| 000 | 01249nam a22003617a 4500 | ||
|---|---|---|---|
| 001 | BR2013000937 | ||
| 003 | BR-BrBNA | ||
| 005 | 20230928104123.0 | ||
| 007 | ta | ||
| 008 | 230509b bl.||||| |||| 00| 0 por d | ||
| 040 |
_aBR-BrBNA _bpor _cBiblioteca Nacional de Agricultura |
||
| 041 | _a(Por) | ||
| 072 |
_aL01; E14 _b5212 _b5213 |
||
| 090 | _ 5212 BR2013000937 | ||
| 100 | 1 | _aMarques, L.F.A. (org.) | |
| 110 | 1 |
_aCentro de Ciências Agrárias da Universidade Federal do Espírito Santo, Alegre, ES (Brasil) _91459 |
|
| 111 | 1 |
_a3. Congresso Capixaba de Pecuária Bovina _cVila Velha, ES (Brazil) _d16-19 Nov 2011 |
|
| 245 | 1 |
_aA importância da pecuária bovina na economia brasileira _bColetânea do 3. Congresso Capixaba de Pecuária Bovina |
|
| 260 | 3 |
_aAlegre, ES (Brasil): _c2012. |
|
| 300 | _a185 p. | ||
| 500 | _aIncludes several bibliographies; Summary only; 41 illus.; 31 graphs.; 23 tables | ||
| 650 | _aECONOMIA AGRÍCOLA | ||
| 650 | _aPECUÁRIA | ||
| 650 | _aBOVINO | ||
| 650 | _aGADO DE CORTE | ||
| 650 | _aGADO LEITEIRO | ||
| 650 | _aMELHORAMENTO GENÉTICO ANIMAL | ||
| 650 | _aINSEMINAÇÃO ARTIFICIAL | ||
| 650 | _aFORRAGEM | ||
| 650 | _aZOOTECNIA | ||
| 909 |
_a202309 _bLucia _c55 _dLucia Elande |
||
| 942 | _cBK | ||
| 999 |
_c78232 _d78232 |
||